| 000 | 00558nam a2200193 i 4500 | ||
|---|---|---|---|
| 001 | 62412 | ||
| 003 | ES-MaACL | ||
| 005 | 20230906164649.0 | ||
| 007 | t| | ||
| 008 | 031120s1981 sp ||||1| spa d | ||
| 100 | 1 |
_aFernández, Pablo Antonio. _949415 |
|
| 245 | 1 | 0 |
_aLatidos para el mar / _cPablo Antonio Fernández. |
| 260 |
_aAlgeciras : _b[Bahía, _c1981] |
||
| 300 |
_a63 p. ; _c21 cm. |
||
| 490 | 1 |
_aColección sur y remo ; _v6 |
|
| 830 | 0 |
_aColección sur y remo ; _v6 _9182838 |
|
| 852 |
_aES-MaACL _jL-1005 _bR.101646 |
||
| 999 |
_c62412 _d62412 |
||